000 00653nam a2200277Ia 4500
005 20260324141048.0
008 008 260324s9999 xx 000 0 eng d
020 _a9780429456190
037 _aEBOOK
040 _aCRL
040 _beng
040 _cCRL
041 _2eng
041 _aeng
084 _qCRL
100 _aAnwara Begum
_9184192
245 0 _aInter-Republican Co-operation of the Russian Republic
260 _bTaylor and Francis
260 _c1997
365 _a
365 _b160
856 _uhttp://www.taylorfrancis.com/books/9780429456190
942 _cEBOOK
999 _c1809465
_d1809465